FC 24 TOTW 6 - Statistics

General Stats
  • This quiz has been taken 8 times
  • The average score is 8 of 18
Answer Stats
rat pos club player % Correct
TOTW 89 ST Atlético Madrid Antoine Griezmann
100%
TOTW 85 RM Bayer Leverkusen Jeremie Frimpong
67%
TOTW 86 CM Bayern Munich Leon Goretzka
67%
TOTW 82 RB Paris Saint-Germain Carlos Soler
50%
TOTW 80 LM Leeds United Crysencio Summerville
50%
TOTW 82 CDM Aston Villa Douglas Luiz
50%
TOTW 81 RW Newcastle United Jacob Murphy
50%
TOTW 84 ST RB Leipzig Loïs Openda
50%
TOTW 87 CM SS Lazio Luis Alberto
50%
TOTW 84 RW SSC Napoli Matteo Politano
50%
TOTW 80 RB Houston Dynamo Griffin Dorsey
33%
TOTW 80 CB Clermont Foot Maximiliano Caufriez
33%
TOTW 82 GK Rayo Vallecano Stole Dimitrievski
33%
TOTW 82 ST AZ Alkmaar Vangelis Pavlidis
33%
TOTW 80 LW BK Häcken Momodou Sonko
17%
TOTW 83 LW Eintracht Frankfurt Women Nicole Anyomi
17%
TOTW 84 CB OL Reign Lauren Barnes
0%
TOTW 80 ST Kayserispor Mame Thiam
0%
No matching quizzes found
Score Distribution
Percent of People with Each Score
Percentile by Number Answered
Your Score History
You have not taken this quiz